000
00221 a2200097 4500
001
57040
100
_a
245
_a
World Atlas & Encyclopedia
260
_a
New York
_b
Random House
_c
2007
090
_c
34966
_d
34966
942
_a
NUST-CAE
_c
MONOGRAPH
_c
27742
999
_c
292113
_d
292113